Investigaciones recientes sobre el hormigón
Gardado en:
| Main Authors: | , |
|---|---|
| Formato: | Libro |
| Idioma: | Lingua castelá |
| Publicado: |
Madrid
Instituto Técnico de la Construcción y del Cemento
1950
|
| Subjects: | |
| Tags: |
Engadir etiqueta
Sen Etiquetas, Sexa o primeiro en etiquetar este rexistro!
|
MARC
| LEADER | 00000nam a2200000 a 4500 | ||
|---|---|---|---|
| 001 | UCU8334 | ||
| 003 | CL-VaPUC | ||
| 008 | 960719e19500000SP |||||||||||||||||spa|d | ||
| 082 | 0 | 4 | |a 620.136 |b LHE |2 21 |
| 100 | |a L'Hermite, Robert |e author |9 367642 | ||
| 700 | 0 | |a Blas Gómez, Isidoro de |e author |9 367643 | |
| 245 | 1 | 0 | |a Investigaciones recientes sobre el hormigón |
| 246 | 1 | 3 | |a El hormigón aireado como nuevo material de construcción |
| 300 | |a 66 p | ||
| 942 | |c BK | ||
| 945 | |d 19960719 00:00:00 |a paguirre | ||
| 260 | |a Madrid |b Instituto Técnico de la Construcción y del Cemento |c 1950 | ||
| 650 | 0 | |a Materiales de construcción |9 260197 | |
| 650 | 0 | |a Hormigones |9 262546 | |
| 650 | 0 | |a Elementos estructurales |9 350100 | |
| 650 | 7 | |a CEMENTOS |2 CL-VaPUC |9 262741 | |
| 583 | |a last modification |c 19960719 00:00:00 |k Rodrigo Vera | ||
| 999 | |c 250751 |d 250749 | ||